Zlatému bažantu sa napriek chýbajúcim miliónom darí

V októbri 1992 vznik akciovej spoločnosti Zlatý bažant, a.s. Hurbanovo, ktorej polovicu vlastní štát, druhú polovicu švajčiarsky partner, ktorý však nevložil do spoločného podniku žiaden kapitál. Ako sa darí najproduktívnejšiemu slovenskému pivovaru darí, i napriek uvedenej skutočnosti, modernizovať...

Ausführliche Beschreibung

Gespeichert in:
Bibliographische Detailangaben
1. Verfasser: Hajko, J.
Format: Buchkapitel
Sprache:Slowakisch
Schlagworte:
Tags: Tag hinzufügen
Keine Tags, Fügen Sie das erste Tag hinzu!

MARC

LEADER 00000naa a2200000 4500
001 r014506
005 20221205080759.4
041 0 |a slo 
044 |a SK 
245 1 0 |a Zlatému bažantu sa napriek chýbajúcim miliónom darí  |c J. Hajko 
520 |a V októbri 1992 vznik akciovej spoločnosti Zlatý bažant, a.s. Hurbanovo, ktorej polovicu vlastní štát, druhú polovicu švajčiarsky partner, ktorý však nevložil do spoločného podniku žiaden kapitál. Ako sa darí najproduktívnejšiemu slovenskému pivovaru darí, i napriek uvedenej skutočnosti, modernizovať a zvyšovať produkciu. 
610 2 0 |a Zlatý bažant, a.s. Hurbanovo 
610 2 0 |a kapitál zahraničný 
610 2 0 |a investície zo zahraničia 
610 2 0 |a podnik spoločný 
610 2 0 |a financie podnikové 
610 2 0 |a modernizácia 
100 1 |a Hajko, J.